| 000 | 00883nas a2200277 4500 | ||
|---|---|---|---|
| 001 | BR9211897 | ||
| 003 | BR-BrBNA | ||
| 005 | 20231205093538.0 | ||
| 007 | ta | ||
| 008 | 230509b bl.|||p| |||| 00| 00por d | ||
| 040 |
_aBR-BrBNA _bpor _cBiblioteca Nacional de Agricultura |
||
| 041 | _a(Pt) | ||
| 072 | _aF01; U40 | ||
| 100 | 1 | _aEpiphanio, J.C.N. | |
| 100 | 1 | _aFormaggio, A.R. | |
| 245 | 1 | _aSensoriamento remoto de tres parametros agronomicos de trigo e de feijao | |
| 246 | 1 | _aSatellite remote sensing of three wheat and bean agronomic parameters | |
| 650 | _aTRIGO | ||
| 650 | _aFEIJAO | ||
| 650 | _aSENSORIAMENTO REMOTO | ||
| 650 | _aANALISE FOLIAR | ||
| 650 | _aCLOROFILA | ||
| 773 | 0 |
_tPesquisa Agropecuaria Brasileira (Brazil) _xISSN 0100-204X _g(Oct 1991), v. 26(10) p. 1615-1624 _wBR9211897 |
|
| 909 |
_a202311 _bLúcia _c55 _dLúcia Elande |
||
| 942 |
_2AGRIS _n0 _cANA |
||
| 999 |
_c139094 _d139094 |
||